000 00904nam a22002057a 4500
003 PE-LiUPU
005 20240416171442.0
008 240416b |||||||| |||| 00| 0 spa d
020 _a85-7392-399-7
040 _aPE-LiUPU
_bspa
_cPE-LiUPU
_erda
082 _223
_a220
245 _aTraducción del Nuevo Mundo de las Santas Escrituras /
_cTestigos de Jehová
250 _aTercera edición
264 _aBrasil ;
_bWatch Tower Bible and Track Society of Pennsylvania,
_c1987.
300 _a1659 páginas :
_c17 centímetros
500 _aUna traducción revisada basada en la versión de 1984 en inglés, pero consultando fielmente los antiguos textos hebreos y griego. Incluye prólogo, tabla de los libros de la Biblia e índice de palabras bíblicas.
710 _aComité del Nuevo Mundo
_93957
_etraductor.
710 _aWatch Tower Bible and Track Society
_eeditor.
_93958
942 _2ddc
_cBK
_n0
999 _c62377
_d62376
980 _618228
_aChristian Lazo Analista Documental
_818228
_gChristian Lazo Analista Documental